header

Spectacular bodies (Record no. 171476)

MARC details
000 -LEADER
fixed length control field 01383nam a2200373Ia 4500
082 04 - DEWEY DECIMAL CLASSIFICATION NUMBER
Classification number 791.43/653
100 1# - MAIN ENTRY--AUTHOR NAME
Personal name Tasker, Yvonne,
245 10 - TITLE STATEMENT
Title Spectacular bodies
260 ## - PUBLICATION, DISTRIBUTION, ETC. (IMPRINT)
Place of publication London ;
-- New York :
Name of publisher Routledge,
Year of publication 1993.
300 ## - PHYSICAL DESCRIPTION
Number of Pages 195 p. :
Other physical details ill.
490 1# - SERIES STATEMENT
Series statement Comedia
650 #0 - SUBJECT ADDED ENTRY--TOPICAL TERM
Topical Term Strong men in motion pictures.
Topical Term Sex role in motion pictures.
Topical Term Machismo in motion pictures.
Topical Term Action and adventure films
856 40 - ELECTRONIC LOCATION AND ACCESS
Uniform Resource Identifier http://site.ebrary.com/lib/rucke/Doc?id=10058294

No items available.

© 2026 Rongo University
Contact us: librarian | system librarian | Rongo university